Score 0/8 Timer 02:00
0 Plays Today
% Correct
Honey Mustard
76.7%
Creamy Ranch
73.4%
Tangy BarBeQue
70.6%
Sweet 'n Sour
69.9%
Spicy Buffalo
42.4%
Hot Mustard
21%
Sweet Chili
19.5%
Chipotle BBQ
13.7%
Remove Ads.
Support Sporcle.
Get the best of Sporcle when you Go Orange. This ad-free experience offers more features, more stats, and more fun while also helping to support Sporcle. Thank you for becoming a member.

You're not logged in!

Compare scores with friends on all Sporcle quizzes.
OR
Log In

Show Comments

Extras

Top Quizzes Today


Score Distribution

Your Account Isn't Verified!

In order to create a playlist on Sporcle, you need to verify the email address you used during registration. Go to your Sporcle Settings to finish the process.

Report this User

Report this user for behavior that violates our Community Guidelines.

Details: